Techo: algo más que una moda /

Պահպանված է:
Մատենագիտական մանրամասներ
Հիմնական հեղինակ: Bellanger, Harold Raúl
Ձևաչափ: Տեքստ
Ցուցիչներ: Ավելացրեք ցուցիչ
Չկան պիտակներ, Եղեք առաջինը, ով նշում է այս գրառումը!

MARC

LEADER 00000 a a2200000 04500
001 46401
003
040
100 |a Bellanger, Harold Raúl  
245 |a Techo:   |b algo más que una moda /  |c Harold Raúl Bellanger  
773 |g volumen33, número384 ( , 2014), páginas 21-29  
999 |c 36066  |d 36066